The Pathans, 550 B.C.-A.D. 1957: with an epilogue on Russia / (Record no. 186740)
[ view plain ]
| 000 -LEADER | |
|---|---|
| fixed length control field | 01256cam a2200313 a 4500 |
| 001 - CONTROL NUMBER | |
| control field | 1904036 |
| 003 - CONTROL NUMBER IDENTIFIER | |
| control field | Nust |
| 005 - DATE AND TIME OF LATEST TRANSACTION | |
| control field | 20230406091213.0 |
| 008 - FIXED-LENGTH DATA ELEMENTS--GENERAL INFORMATION | |
| fixed length control field | 840517t19831958pk af b 001 0 eng |
| 010 ## - LIBRARY OF CONGRESS CONTROL NUMBER | |
| LC control number | 84163219 |
| 020 ## - INTERNATIONAL STANDARD BOOK NUMBER | |
| International Standard Book Number | 0195772210 |
| 040 ## - CATALOGING SOURCE | |
| Original cataloging agency | DLC |
| Transcribing agency | DLC |
| Modifying agency | DLC |
| 043 ## - GEOGRAPHIC AREA CODE | |
| Geographic area code | a-pk--- |
| -- | a-af--- |
| 050 00 - LIBRARY OF CONGRESS CALL NUMBER | |
| Classification number | DS380.P8 |
| Item number | C37 1983 |
| 082 00 - DEWEY DECIMAL CLASSIFICATION NUMBER | |
| Classification number | 954.912,CAR |
| Edition number | 19 |
| 100 1# - MAIN ENTRY--PERSONAL NAME | |
| Personal name | Caroe, Olaf Kirkpatrick, |
| Titles and words associated with a name | Sir, |
| Dates associated with a name | 1892- |
| 9 (RLIN) | 92087 |
| 245 14 - TITLE STATEMENT | |
| Title | The Pathans, 550 B.C.-A.D. 1957: with an epilogue on Russia / |
| Statement of responsibility, etc. | Sir Olaf Caroe |
| 260 ## - PUBLICATION, DISTRIBUTION, ETC. | |
| Place of publication, distribution, etc. | Karachi : |
| Name of publisher, distributor, etc. | Oxford University Press, |
| Date of publication, distribution, etc. | [1983], c1958. |
| 300 ## - PHYSICAL DESCRIPTION | |
| Extent | xxiv, 537p., [15] leaves of plates (some folded) : |
| Other physical details | ill. ; |
| Dimensions | 23 cm. |
| 440 #0 - SERIES STATEMENT/ADDED ENTRY--TITLE | |
| Title | Oxford in Asia historical reprints. Modern series |
| 9 (RLIN) | 109021 |
| 440 #0 - SERIES STATEMENT/ADDED ENTRY--TITLE | |
| Title | Oxford in Asia historical reprints from Pakistan. |
| Name of part/section of a work | Modern series |
| 9 (RLIN) | 109022 |
| 505 ## - FORMATTED CONTENTS NOTE | |
| Formatted contents note | The Origins (Page-), The Muslim middle ages (Page-117), Durranis and Sikhs (Page-249), The British period and after (Page-329). |
| 650 #0 - SUBJECT ADDED ENTRY--TOPICAL TERM | |
| Topical term or geographic name entry element | Pushtuns |
| General subdivision | History. |
| 9 (RLIN) | 109023 |
| 651 #0 - SUBJECT ADDED ENTRY--GEOGRAPHIC NAME | |
| Geographic name | Khyber Pakhtunkhwa (Pakistan) |
| General subdivision | History. |
| 9 (RLIN) | 3865 |
| 651 #0 - SUBJECT ADDED ENTRY--GEOGRAPHIC NAME | |
| Geographic name | Pakistan |
| General subdivision | History. |
| 651 #0 - SUBJECT ADDED ENTRY--GEOGRAPHIC NAME | |
| Geographic name | Afghanistan |
| General subdivision | History. |
| 9 (RLIN) | 6706 |
| 906 ## - LOCAL DATA ELEMENT F, LDF (RLIN) | |
| a | 7 |
| b | cbc |
| c | orignew |
| d | 3 |
| e | ncip |
| f | 19 |
| g | y-gencatlg |
| 942 ## - ADDED ENTRY ELEMENTS (KOHA) | |
| Source of classification or shelving scheme | |
| Koha item type | Book |
| Call number prefix | 954.912,CAR |
| Withdrawn status | Lost status | Source of classification or shelving scheme | Damaged status | Not for loan | Permanent Location | Current Location | Shelving location | Date acquired | Total Checkouts | Full call number | Barcode | Date last seen | Date last checked out | Price effective from | Koha item type | Public note |
|---|---|---|---|---|---|---|---|---|---|---|---|---|---|---|---|---|
| Military College of Signals (MCS) | Military College of Signals (MCS) | General Stacks | 12/12/2016 | 2 | 954.912,CAR | MCS28549 | 05/27/2025 | 04/28/2025 | 12/12/2016 | Book | Almirah No. 62, Shelf No. 3 | |||||
| Military College of Signals (MCS) | Military College of Signals (MCS) | General Stacks | 04/06/2023 | 954.912,CAR | MCS28549A | 04/06/2023 | 04/06/2023 | Book | Almirah No.75, Shelf No.7 |
